Logo BPK

Biblioteka

Politechniki Koszalińskiej

Akcja niepodległościowa na terenie międzynarodowym 1945-1990 : (Rekord nr 39195)

Szczegóły MARC
000 -ETYKIETA REKORDU
podpole kontrolne o stałej długości 01750nam a2200457 i 4500
001 - NUMER KONTROLNY REKORDU
pole kontrolne 39195
003 - IDENTYFIKATOR NUMERU KONTROLNEGO REKORDU
podpole kontrolne KOSZ 005
005 - DATA OSTATNIEJ MODYFIKACJI REKORDU
podpole kontrolne 20240405063126.0
008 - POLE O STAŁEJ DŁUGOŚCI - DANE KONTROLNE
podpole kontrolne o stałej długości 031216s1999 enka g 001 0 pol
020 ## - MIĘDZYNARODOWY ZNORMALIZOWANY NUMER KSIĄŻKI - ISBN
ISBN 085065274X
040 ## - ŹRÓDŁO KATALOGOWANIA
Instytucja, która sporządziła opis WA N
Instytucja, która utworzyła rekord WA N
Instytucja, która dokonała modyfikacji KOSZ 005/RW
045 2# - ZAKRES CZASOWY ZAWARTOŚCI
Zakres czasowy d1945
-- d1989
080 ## - UNIWERSALNA KLASYFIKACJA DZIESIĘTNA - UKD
UKD 94(438).083
080 ## - UNIWERSALNA KLASYFIKACJA DZIESIĘTNA - UKD
UKD 314.743
245 00 - TYTUŁ/ODPOWIEDZIALNOŚĆ
Tytuł Akcja niepodległościowa na terenie międzynarodowym 1945-1990 :
Ciąg dalszy tytułu praca zbiorowa /
Pozostałe elementy strefy tytułu i oznaczenia odpowiedzialności redakcja Tomasz Piesakowski.
260 ## - STREFA ADRESU WYDAWNICZEGO
Miejsce wydania Londyn :
Nazwa wydawcy/dystrybutora Polskie Towarzystwo Naukowe na Obczyźnie,
Data publikacji, dystrybucji/powstania dokumentu 1999.
300 ## - STREFA OPISU FIZYCZNEGO
Objętość XVI, 791 stron, [16] stron tablic :
Inne cechy fizyczne fotografie ;
Rozmiary 22 cm.
336 ## - TYP ZAWARTOŚCI
Termin opisujący typ zawartości Tekst
Kod określający zawartość txt
Źródło (terminu i kodu) rdacontent
337 ## - TYP MEDIÓW
Tryb odtwarzania Bez urządzenia pośredniczącego
Kod typu mediów n
Źródło (terminu i kodu) rdamedia
338 ## - TYP/RODZAJ NOŚNIKA
Hasło opisujące typ nośnika Wolumin
Kod typu nośnika nc
Źródło (terminu i kodu) rdacarrier
380 ## - FORMA I TYP PUBLIKACJI
Forma i typ publikacji Książki.
380 ## - FORMA I TYP PUBLIKACJI
Forma i typ publikacji Publikacje naukowe
490 1# - STREFA SERII I DOKUMENTU WIELOCZĘŚCIOWEGO - FORMA NIE DO WYSZUKIWANIA
Tytuł i oznaczenie odpowiedzialności serii Materiały do Dziejów Polskiego Uchodźstwa Niepodległościowego ;
Numeracja w obrębie serii t. 4.
500 ## - UWAGI OGÓLNE
Tekst uwagi Zawiera prace autorów polskich.
504 ## - UWAGA DOTYCZĄCA BIBLIOGRAFII
Informacje o bibliografii Indeks.
658 ## - TERMIN INDEKSOWY - PRZEDMIOT PROGRAMU NAUCZANIA
Główny przedmiot programu nauczania Historia
658 ## - TERMIN INDEKSOWY - PRZEDMIOT PROGRAMU NAUCZANIA
Główny przedmiot programu nauczania Polityka, politologia, administracja publiczna
648 #4 - HASŁO PRZEDMIOTOWE - TERMIN CHRONOLOGICZNY
Termin chronologiczny 1901-2000
651 #4 - HASŁO PRZEDMIOTOWE W FORMIE NAZWY GEOGRAFICZNEJ
Nazwa geograficzna Polska
655 #4 - TERMIN INDEKSOWY - OKREŚLENIE RODZAJU/FORMY DOKUMENTU
Określenie rodzaju/formy dokumentu Praca zbiorowa
648 #4 - HASŁO PRZEDMIOTOWE - TERMIN CHRONOLOGICZNY
Termin chronologiczny 1945-1989
650 #4 - HASŁO PRZEDMIOTOWE W FORMIE NAZWY OGÓLNEJ LUB JEDNOSTKOWEJ
Nazwa ogólna lub geograficzna Polityka
650 #4 - HASŁO PRZEDMIOTOWE W FORMIE NAZWY OGÓLNEJ LUB JEDNOSTKOWEJ
Nazwa ogólna lub geograficzna Polacy za granicą
610 24 - HASŁO PRZEDMIOTOWE W FORMIE NAZWY CIAŁA ZBIOROWEGO
Nazwa ciała zbiorowego lub nazwa geograficzna Rząd Rzeczypospolitej Polskiej na uchodźstwie
650 #4 - HASŁO PRZEDMIOTOWE W FORMIE NAZWY OGÓLNEJ LUB JEDNOSTKOWEJ
Nazwa ogólna lub geograficzna Organizacje polonijne
700 1# - HASŁO DODATKOWE - NAZWA OSOBOWA
Nazwa osobowa Piesakowski, Tomasz.
Określenie związku między hasłem a opisywanym materiałem Redakcja
710 2# - HASŁO DODATKOWE - NAZWA CIAŁA ZBIOROWEGO
Nazwa ciała zbiorowego lub jednostki geograficznej Polskie Towarzystwo Naukowe na Obczyźnie
Kod określenia powiązania pbl.
830 #0 - HASŁO DODATKOWE SERII LUB DOKUMENTU WIELOCZĘŚCIOWEGO - TYTUŁ UJEDNOLICONY
Tytuł ujednolicony Materiały do Dziejów Polskiego Uchodźstwa Niepodległościowego ;
Oznaczenie tomu t. 4.
856 ## - LOKALIZACJA I DOSTĘP DO ELEKTRONICZNYCH DOKUMENTÓW ZDALNYCH
Link (URL) http://koha.tu.koszalin.pl/cgi-bin/koha/opac-detail.pl?biblionumber=39195
Tekst linku Katalog online BPK
942 ## - DODATKOWE ELEMENTY (KOHA)
Schemat klasyfikacji Uniwersalna Klasyfikacja Dziesiętna
Typ dokumentu Książka
Egzemplarze
Wycofany Status egzemplarza Uszkodzony Dostępność Kolekcja Lokalizacja stała Lokalizacja bieżąca Miejsce przechowywania Sygnatura Kod kreskowy Typ dokumentu
      Tylko na miejscu Kolekcja prof. Bogusława Polaka Biblioteka Politechniki Koszalińskiej Biblioteka Politechniki Koszalińskiej Czytelnia Wydziałowa ul. Kwiatkowskiego 6e 58225 01541694 Książka
© 2023 Biblioteka Politechniki Koszalińskiej :: KOHA